Vincent van Gogh / (Record no. 47341)
[ view plain ]
| 000 -LEADER | |
|---|---|
| campo de control de longitud fija | 00431nam a2200157 i 4500 |
| 001 - NÚMERO DE CONTROL | |
| campo de control | 47341 |
| 003 - IDENTIFICADOR DE NÚMERO DE CONTROL | |
| campo de control | ES-MaACL |
| 005 - FECHA Y HORA DE LA ÚLTIMA TRANSACCIÓN | |
| campo de control | 20230906161538.0 |
| 007 - CAMPO FIJO DE DESCRIPCIÓN FÍSICA--INFORMACIÓN GENERAL | |
| campo de control de longitud fija | t| |
| 008 - DATOS DE LONGITUD FIJA--INFORMACIÓN GENERAL | |
| campo de control de longitud fija | 030407s1923 fr ||||1| fre d |
| 100 1# - ENTRADA PRINCIPAL--NOMBRE DE PERSONA | |
| Nombre de persona | Coquiot, Gustave. |
| 9 (RLIN) | 40438 |
| 245 10 - MENCIÓN DEL TÍTULO | |
| Título | Vincent van Gogh / |
| Mención de responsabilidad, etc. | Gustave Coquiot. |
| 260 ## - PUBLICACIÓN, DISTRIBUCIÓN, ETC. | |
| Lugar de publicación, distribución, etc. | [S.l. : |
| Nombre del editor, distribuidor, etc. | s.n., |
| Fecha de publicación, distribución, etc. | 1923] ( |
| Lugar de fabricación/manufactura | Saint-Denis : |
| Fabricante | Imp. J. Dardaillon) |
| 300 ## - DESCRIPCIÓN FÍSICA | |
| Extensión | 335 p. ; |
| Dimensiones | 21 cm. |
| 852 ## - LOCALIZACIÓN | |
| Ubicación | ES-MaACL |
| Número de control de estantería | D-600 |
| Estatus retirado | Estado de pérdida | Estado de daño | No para préstamo | Biblioteca de origen | Biblioteca actual | Ubicación en estantería | Fecha de adquisición | Fuente de adquisición | Total de préstamos | Signatura topográfica completa | Código de barras | Visto por última vez | Precio de reemplazo | Tipo de ítem Koha |
|---|---|---|---|---|---|---|---|---|---|---|---|---|---|---|
| Biblioteca del Ateneo de Madrid | Biblioteca del Ateneo de Madrid | Sala Valle Inclán | 17/01/2008 | D-600 | 901049790 | 23/02/2023 | 23/02/2023 | Libro impreso |
